[Event "M.Chigorin Memorial 2014"]
[Site "St. Petersburg"]
[Date "2014.10.20"]
[Round "3.166"]
[White "Shadunts, Kirill"]
[Black "Mikhailov, Ivan"]
[Result "0-1"]
[WhiteElo "1696"]
[BlackElo "1959"]
[PlyCount "96"]
[EventDate "2014.10.18"]
[EventType "swiss"]
[EventCountry "RUS"]

1. d4 d5 2. c4 c6 3. Nf3 Nf6 4. Nc3 e6 5. Bg5 Nbd7 6. e3 Qa5 7. Nd2 dxc4 8.
Bxf6 Nxf6 9. Nxc4 Qc7 10. Be2 Nd5 11. O-O Nxc3 12. bxc3 Be7 13. Bd3 O-O 14. f4
c5 15. Ne5 g6 16. Qf3 Bf6 17. Rfc1 Rb8 18. Rab1 b6 19. g3 Bb7 20. Be4 Bxe4 21.
Qxe4 Bg7 22. Nf3 Rfd8 23. g4 Rbc8 24. Rd1 cxd4 25. cxd4 Qc2 26. Qxc2 Rxc2 27.
Rd2 Rdc8 28. Rb2 Rc1+ 29. Kf2 Bf8 30. Ne5 Ba3 31. Rb3 Bd6 32. Nd3 R1c4 33. g5
Kg7 34. Rbb2 h5 35. h4 Kf8 36. Ke2 Ba3 37. Rb1 Ke7 38. Kd1 Rc3 39. Ke2 Kd6 40.
Kd1 R8c7 41. Ke2 Bc1 42. Nxc1 Rxc1 43. Rxc1 Rxc1 44. Rd1 Rxd1 45. Kxd1 Kd5 46.
Kd2 Ke4 47. Ke2 b5 48. Kd2 a5 0-1

[Event "M.Chigorin Memorial 2014"]
[Site "St. Petersburg"]
[Date "2014.10.20"]
[Round "3.167"]
[White "Pustovidko, Anastasia"]
[Black "Pitkanen, Juhani"]
[Result "1-0"]
[WhiteElo "1955"]
[BlackElo "1736"]
[PlyCount "63"]
[EventDate "2014.10.18"]
[EventType "swiss"]
[EventCountry "RUS"]

1. d4 Nf6 2. c4 g6 3. Nf3 Bg7 4. Bf4 d6 5. Nc3 O-O 6. h3 Nfd7 7. e4 e5 8. dxe5
dxe5 9. Bg5 f6 10. Be3 Nc6 11. Be2 Kh8 12. a3 a6 13. b4 Ne7 14. Qb3 b6 15. Rd1
Qe8 16. O-O Bb7 17. c5 bxc5 18. bxc5 Rb8 19. Qe6 Bc8 20. Qc4 c6 21. Rd6 Bb7 22.
Rfd1 Rd8 23. Qb4 Bc8 24. Qa5 Ng8 25. Bxa6 Bxa6 26. Qxa6 Nb8 27. Qb6 Rxd6 28.
cxd6 Qd7 29. Na4 Qc8 30. Qa7 Qa6 31. Qxa6 Nxa6 32. d7 1-0

[Event "M.Chigorin Memorial 2014"]
[Site "St. Petersburg"]
[Date "2014.10.20"]
[Round "3.168"]
[White "Rubtsov, Aleksandr"]
[Black "Bajaramov, Elvin"]
[Result "1-0"]
[WhiteElo "1666"]
[BlackElo "1950"]
[PlyCount "147"]
[EventDate "2014.10.18"]
[EventType "swiss"]
[EventCountry "RUS"]

1. e4 e5 2. Nf3 Nc6 3. Bb5 Bc5 4. O-O d6 5. c3 a6 6. Ba4 b5 7. Bb3 Bg4 8. h3
Bh5 9. d3 Nf6 10. Bg5 Nb8 11. Nbd2 h6 12. Bh4 g5 13. Bg3 g4 14. hxg4 Bxg4 15.
Bh4 Rg8 16. Re1 Bb6 17. Nf1 c6 18. Ne3 Bxe3 19. Rxe3 Nbd7 20. d4 Qb6 21. dxe5
Nh5 22. Qxd6 Qc5 23. Qxc5 Nxc5 24. Bc2 Nd7 25. a4 Rc8 26. axb5 axb5 27. Ra7 Nf4
28. g3 Ng6 29. Bf6 Bxf3 30. Rxf3 Ngxe5 31. Bxe5 Nxe5 32. Rf5 Rg5 33. Rxg5 hxg5
34. Bb3 g4 35. Kf1 Rd8 36. Ke2 Rd6 37. Ra8+ Ke7 38. Ra1 Rd7 39. Rd1 Ra7 40. Rd4
f6 41. Ke3 c5 42. Rd5 c4 43. Bd1 Ra1 44. Be2 b4 45. cxb4 Ra4 46. Rd2 Rxb4 47.
Rc2 Kd6 48. Kd4 c3+ 49. Kxc3 Rxe4 50. b4 Nc6 51. Bc4 Ne5 52. Kb3 Nf3 53. Kc3
Ne5 54. Rd2+ Kc7 55. Rd4 Re1 56. Rf4 Rc1+ 57. Kb3 Rb1+ 58. Ka4 Rb2 59. Kb5 Nf3
60. Be6 Ne5 61. Bf5 Rd2 62. Bxg4 Nxg4 63. Rxg4 Rxf2 64. Rf4 Rg2 65. g4 Rg1 66.
Kc5 Rc1+ 67. Kd5 Rd1+ 68. Ke6 Rd6+ 69. Kf7 Kd8 70. Rxf6 Rd4 71. g5 Rxb4 72. g6
Rb7+ 73. Kf8 Re7 74. Rd6+ 1-0

[Event "M.Chigorin Memorial 2014"]
[Site "St. Petersburg"]
[Date "2014.10.20"]
[Round "3.169"]
[White "Voronenkov, Sergey"]
[Black "Gantsevich, Dmitry"]
[Result "1-0"]
[WhiteElo "1950"]
[BlackElo "1698"]
[PlyCount "121"]
[EventDate "2014.10.18"]
[EventType "swiss"]
[EventCountry "RUS"]

1. e4 c5 2. Nf3 d6 3. d4 cxd4 4. Nxd4 Nf6 5. Nc3 a6 6. Be3 e5 7. Nb3 Be6 8. f3
Be7 9. Qd2 Nbd7 10. g4 O-O 11. O-O-O b5 12. g5 b4 13. Ne2 Ne8 14. Kb1 a5 15. f4
g6 16. h4 a4 17. Nbc1 Nb6 18. Ng3 Ng7 19. f5 gxf5 20. exf5 Nxf5 21. Nxf5 Bxf5
22. Qf2 Qc8 23. Bxb6 b3 24. Rd2 Bxc2+ 25. Ka1 a3 26. Bd3 axb2+ 27. Kxb2 Bxd3
28. Rxd3 Qb7 29. Rf1 Ra6 30. Rxb3 Qc6 31. Be3 Qc4 32. Qe2 Qc6 33. Qc2 Qa4 34.
h5 Rc6 35. Qd3 Rfc8 36. Rf2 d5 37. Qf5 Rf8 38. Qxe5 Re6 39. Qd4 Qd7 40. Bd2 Re4
41. Qd3 Qe6 42. Re2 Qe5+ 43. Kb1 Bxg5 44. Bxg5 Qxg5 45. Rxe4 dxe4 46. Qxe4 Qxh5
47. Ne2 f6 48. Nd4 Qd1+ 49. Kb2 Qd2+ 50. Nc2 Kh8 51. Rb7 Qh6 52. a4 f5 53. Qd4+
Kg8 54. Ne3 f4 55. Ng4 Qg6 56. Qd5+ Kh8 57. Ne5 Qf6 58. Qe4 Qf5 59. Qxf5 Rxf5
60. Nf7+ Rxf7 61. Rxf7 1-0

[Event "M.Chigorin Memorial 2014"]
[Site "St. Petersburg"]
[Date "2014.10.20"]
[Round "3.170"]
[White "Zvereva, Svetlana"]
[Black "Hefner, Felix"]
[Result "0-1"]
[WhiteElo "1657"]
[BlackElo "1938"]
[PlyCount "52"]
[EventDate "2014.10.18"]
[EventType "swiss"]
[EventCountry "RUS"]

1. e4 e6 2. d4 d5 3. e5 c5 4. dxc5 Nc6 5. Nf3 Bxc5 6. Bd3 f6 7. exf6 Nxf6 8.
O-O O-O 9. a3 e5 10. Be2 Ng4 11. h3 Nxf2 12. Rxf2 e4 13. Nc3 exf3 14. Bxf3
Bxf2+ 15. Kxf2 d4 16. Ne2 Ne5 17. Qxd4 Nxf3 18. Qxd8 Rxd8 19. Kxf3 Rd1 20. b4
Be6 21. Bb2 Bd5+ 22. Kg3 Rxa1 23. Bxa1 Rc8 24. Bd4 Rxc2 25. Kf2 Bc4 26. Ke3
Rxe2+ 0-1

[Event "M.Chigorin Memorial 2014"]
[Site "St. Petersburg"]
[Date "2014.10.20"]
[Round "3.171"]
[White "Akhmetshin, Aydar"]
[Black "Makarevich, Julia"]
[Result "0-1"]
[WhiteElo "1609"]
[BlackElo "1934"]
[PlyCount "68"]
[EventDate "2014.10.18"]
[EventType "swiss"]
[EventCountry "RUS"]

1. e4 c5 2. Nf3 e6 3. d4 cxd4 4. Nxd4 Nc6 5. Nc3 Qc7 6. Ndb5 Qb8 7. Be3 a6 8.
Nd4 Nf6 9. Qd2 Be7 10. Be2 O-O 11. O-O-O d6 12. g4 Nxd4 13. Bxd4 b5 14. f3 Bb7
15. h4 Nd7 16. Bd3 b4 17. Ne2 e5 18. Bf2 a5 19. Ng3 Rd8 20. Bc4 Qc7 21. Bd5
Bxd5 22. Qxd5 Rdc8 23. Qd2 b3 24. axb3 a4 25. b4 a3 26. b3 d5 27. Qd3 Bxb4 28.
Be1 a2 29. Kb2 Ba3+ 30. Kxa2 d4 31. Rh2 Bb4+ 32. Kb1 Bxe1 33. Rxe1 Qa5 34. c3
Qa1+ 0-1

[Event "M.Chigorin Memorial 2014"]
[Site "St. Petersburg"]
[Date "2014.10.20"]
[Round "3.172"]
[White "Skvortsov, Sergey"]
[Black "Goryachev, Maksim"]
[Result "1-0"]
[WhiteElo "1934"]
[BlackElo "1693"]
[PlyCount "57"]
[EventDate "2014.10.18"]
[EventType "swiss"]
[EventCountry "RUS"]

1. e4 c5 2. Nf3 Nc6 3. Bb5 g6 4. O-O Bg7 5. Re1 Nf6 6. c3 O-O 7. d4 cxd4 8.
cxd4 d5 9. e5 Ne4 10. h3 f5 11. Nc3 h6 12. Qe2 g5 13. Nxd5 Be6 14. Bxc6 Bxd5
15. Bxd5+ Qxd5 16. Be3 Rac8 17. Rec1 f4 18. Bd2 h5 19. Bb4 g4 20. hxg4 hxg4 21.
Bxe7 Rxc1+ 22. Rxc1 Re8 23. Ng5 Qxd4 24. Nxe4 Qxe5 25. Qc4+ Kh8 26. Ng5 Qxe7
27. Qxf4 Bf6 28. Rc7 Qxc7 29. Qxc7 1-0

[Event "M.Chigorin Memorial 2014"]
[Site "St. Petersburg"]
[Date "2014.10.20"]
[Round "3.173"]
[White "Evsyukov, Aleksey"]
[Black "Pankova, Julia"]
[Result "0-1"]
[WhiteElo "1908"]
[BlackElo "1655"]
[PlyCount "64"]
[EventDate "2014.10.18"]
[EventType "swiss"]
[EventCountry "RUS"]

1. e4 c5 2. Nf3 e6 3. d4 cxd4 4. Nxd4 a6 5. Nc3 Qc7 6. Be3 Nf6 7. a3 b5 8. Bd3
Bb7 9. O-O Be7 10. f4 O-O 11. Qf3 Nc6 12. Rad1 Na5 13. Kh1 Nc4 14. Bc1 b4 15.
axb4 Bxb4 16. Na2 Ba5 17. Qe2 Rac8 18. b3 Bb6 19. Bxc4 d5 20. exd5 exd5 21.
Bxa6 Bxa6 22. Qxa6 Ra8 23. Qb5 Rxa2 24. Be3 Bxd4 25. Rxd4 Rxc2 26. Rdd1 Rb8 27.
Qa4 Qb7 28. Bd4 Ne4 29. Qa1 Ra8 30. Qb1 Raa2 31. Rg1 Qa6 32. Rc1 Ng3+ 0-1

[Event "M.Chigorin Memorial 2014"]
[Site "St. Petersburg"]
[Date "2014.10.20"]
[Round "3.174"]
[White "Shuvalov, Arvind"]
[Black "Sapegin, Yaroslav"]
[Result "1-0"]
[WhiteElo "1900"]
[BlackElo "1587"]
[PlyCount "43"]
[EventDate "2014.10.18"]
[EventType "swiss"]
[EventCountry "RUS"]

1. e4 c5 2. Nf3 e6 3. d4 cxd4 4. Nxd4 a6 5. Nc3 Qc7 6. Be2 Bb4 7. Qd3 Nf6 8.
O-O O-O 9. Kh1 Nc6 10. f4 d6 11. Bd2 Bd7 12. Rf3 Nxd4 13. Qxd4 Bc5 14. Qd3 b5
15. a3 Ng4 16. Be1 Qb6 17. Rh3 e5 18. Nd5 Qa7 19. f5 Nf2+ 20. Bxf2 Bxf2 21.
Ne7+ Kh8 22. Rxh7+ 1-0

[Event "M.Chigorin Memorial 2014"]
[Site "St. Petersburg"]
[Date "2014.10.20"]
[Round "3.175"]
[White "Bezobrazov, Lev"]
[Black "Nuritdinov, Nizomiddin"]
[Result "1-0"]
[WhiteElo "1579"]
[BlackElo "1898"]
[PlyCount "65"]
[EventDate "2014.10.18"]
[EventType "swiss"]
[EventCountry "RUS"]

1. Nf3 d5 2. c4 e6 3. g3 Nf6 4. Bg2 Be7 5. O-O O-O 6. b3 c5 7. Bb2 Nc6 8. d4 b6
9. e3 Ba6 10. Nbd2 Rc8 11. Re1 Nb4 12. Ne5 Nd7 13. Bf1 Nxe5 14. dxe5 Qc7 15. a3
Nc6 16. cxd5 Bxf1 17. d6 Bxd6 18. exd6 Qxd6 19. Nxf1 Qe7 20. Qe2 Na5 21. Nd2
Rfd8 22. Rad1 Rd5 23. e4 Rg5 24. f4 Rg6 25. f5 Rh6 26. Qg4 f6 27. e5 exf5 28.
Qxf5 Re8 29. exf6 Qxe1+ 30. Rxe1 Rxe1+ 31. Kf2 Rxf6 32. Bxf6 Re8 33. Qd7 1-0

[Event "M.Chigorin Memorial 2014"]
[Site "St. Petersburg"]
[Date "2014.10.20"]
[Round "3.176"]
[White "Sakorenko, Adriana"]
[Black "Chursina, Ada"]
[Result "0-1"]
[WhiteElo "1893"]
[BlackElo "1583"]
[PlyCount "96"]
[EventDate "2014.10.18"]
[EventType "swiss"]
[EventCountry "RUS"]

1. e4 e6 2. d4 d5 3. Nc3 Bb4 4. e5 Ne7 5. Qg4 Ng6 6. Bd3 c5 7. a3 Bxc3+ 8. bxc3
c4 9. Be2 Qa5 10. Bd2 Bd7 11. h4 Rg8 12. Nh3 Ba4 13. Ra2 Qb6 14. O-O a5 15. Bc1
Na6 16. Rb2 Qc6 17. Bg5 Nc7 18. h5 Ne7 19. Bxe7 Kxe7 20. Rfb1 Nb5 21. Qf3 h6
22. Qg3 Rab8 23. Ra2 Bxc2 24. Rxc2 Nxa3 25. Rcb2 Nxb1 26. Rxb1 a4 27. Qh4+ Ke8
28. Qf4 a3 29. Qc1 Qa6 30. Ra1 a2 31. Qb2 Ra8 32. Nf4 Kd7 33. Bg4 Kc6 34. Ne2
Qa3 35. Qc1 Ra6 36. Kf1 Rga8 37. Qxa3 Rxa3 38. Nc1 Rxc3 39. Nxa2 Rca3 40. Nb4+
Kb5 41. Rxa3 Rxa3 42. Nc2 Ra2 43. Bd1 Ka5 44. Ke1 b5 45. Kd2 b4 46. Kc1 b3 47.
Ne3 Kb4 48. Kb1 Rxf2 0-1

[Event "M.Chigorin Memorial 2014"]
[Site "St. Petersburg"]
[Date "2014.10.20"]
[Round "3.177"]
[White "Akopian, Agasi"]
[Black "Zakharov, Nikita"]
[Result "1/2-1/2"]
[WhiteElo "1543"]
[BlackElo "1891"]
[PlyCount "98"]
[EventDate "2014.10.18"]
[EventType "swiss"]
[EventCountry "RUS"]

1. e4 d6 2. d4 g6 3. Nc3 Bg7 4. Be3 Nf6 5. f3 Nbd7 6. Qd2 e5 7. Nge2 a6 8. g4
b5 9. a3 Bb7 10. h4 h5 11. g5 Ng8 12. Bh3 Nb6 13. b3 Ne7 14. O-O O-O 15. d5 Bc8
16. Bxc8 Nexc8 17. Kg2 f6 18. gxf6 Bxf6 19. Bg5 Bxg5 20. Qxg5 Qxg5+ 21. hxg5
Ne7 22. f4 Nd7 23. b4 Nb6 24. fxe5 Rxf1 25. Kxf1 dxe5 26. a4 bxa4 27. Nxa4 Nxa4
28. Rxa4 Nc8 29. Ra5 Nd6 30. Nc3 Rb8 31. Rxa6 Rxb4 32. Rc6 Rc4 33. Rxc4 Nxc4
34. Nb5 Nd2+ 35. Kg2 Nxe4 36. Nxc7 Nxg5 37. c4 Kf7 38. Nb5 Ke7 39. c5 Nf7 40.
Nc3 g5 41. Ne4 g4 42. Kg3 Nh6 43. d6+ Ke6 44. Ng5+ Kd7 45. Kh4 Nf5+ 46. Kxh5 g3
47. Kg4 g2 48. Nf3 e4 49. Ng1 Nxd6 1/2-1/2

[Event "M.Chigorin Memorial 2014"]
[Site "St. Petersburg"]
[Date "2014.10.20"]
[Round "3.178"]
[White "Glazov, Anatoly"]
[Black "Bodnaruk, Kseniya"]
[Result "1-0"]
[WhiteElo "1887"]
[BlackElo "1558"]
[PlyCount "67"]
[EventDate "2014.10.18"]
[EventType "swiss"]
[EventCountry "RUS"]

1. d4 d5 2. c4 e6 3. Nf3 Nc6 4. Nc3 Nf6 5. Bg5 Be7 6. e3 h6 7. Bh4 g5 8. Bg3 b6
9. Nb5 Bd6 10. Nxd6+ cxd6 11. h3 Bb7 12. Rc1 Rc8 13. Bd3 Qd7 14. a3 a6 15. O-O
O-O 16. c5 bxc5 17. dxc5 dxc5 18. Rxc5 Qe7 19. b4 e5 20. Bf5 Rcd8 21. Qc1 Rd6
22. Nxe5 Qe8 23. Nxf7 Re6 24. Nd6 Rxd6 25. Bxd6 Nd7 26. Bxd7 Qxd7 27. Bxf8 Kxf8
28. Rd1 d4 29. exd4 Qg7 30. Rxc6 Bxc6 31. Qxc6 g4 32. hxg4 Qxg4 33. Qxh6+ Kg8
34. f3 1-0

[Event "M.Chigorin Memorial 2014"]
[Site "St. Petersburg"]
[Date "2014.10.20"]
[Round "3.179"]
[White "Babanin, Gleb"]
[Black "Biyachuev, Minkail"]
[Result "1-0"]
[WhiteElo "1883"]
[BlackElo "1527"]
[PlyCount "87"]
[EventDate "2014.10.18"]
[EventType "swiss"]
[EventCountry "RUS"]

1. e4 e5 2. Nf3 Nf6 3. Nxe5 d6 4. Nf3 Nxe4 5. d4 d5 6. Bd3 Be7 7. O-O Bg4 8.
Re1 f5 9. h3 Bh5 10. c4 O-O 11. cxd5 Qxd5 12. g4 Nxf2 13. Kxf2 fxg4 14. Be4
Rxf3+ 15. Qxf3 Qxd4+ 16. Qe3 Bh4+ 17. Kg1 Qxe3+ 18. Bxe3 Nc6 19. Bd5+ Kh8 20.
Rf1 Bf6 21. Nc3 Re8 22. Rae1 Bh4 23. Bf2 g3 24. Rxe8+ Bxe8 25. Bxg3 Be7 26. Re1
Bc5+ 27. Bf2 Bxf2+ 28. Kxf2 Bg6 29. Ne4 Ne5 30. Nc5 Nc6 31. Nxb7 Nb4 32. Be4
Kg8 33. a3 Nd3+ 34. Bxd3 Bxd3 35. Nd8 h6 36. Re8+ Kh7 37. Nf7 g5 38. Ne5 Bf5
39. Kg3 a6 40. h4 gxh4+ 41. Kxh4 Bc2 42. Re7+ Kg8 43. Kh5 Kf8 44. Rxc7 1-0

[Event "M.Chigorin Memorial 2014"]
[Site "St. Petersburg"]
[Date "2014.10.20"]
[Round "3.182"]
[White "Nordstrom, Hakon N"]
[Black "Kapitsa, Artem"]
[Result "1-0"]
[WhiteElo "1847"]
[BlackElo "1443"]
[PlyCount "73"]
[EventDate "2014.10.18"]
[EventType "swiss"]
[EventCountry "RUS"]

1. e4 e6 2. d4 d5 3. e5 c5 4. c3 Qb6 5. Nf3 Nc6 6. Bd3 cxd4 7. cxd4 Bd7 8. O-O
a6 9. Nc3 Nxd4 10. Nxd4 Qxd4 11. Re1 Qb6 12. Qg4 Ne7 13. Be3 Qc7 14. Rac1 Nc6
15. Na4 g6 16. Bb6 Qb8 17. Nc5 Be7 18. f4 Bd8 19. Bxd8 Nxd8 20. Qg5 Qa7 21. Kh1
Nc6 22. f5 exf5 23. e6 fxe6 24. Qf6 Rf8 25. Rxe6+ Bxe6 26. Qxe6+ Ne7 27. Nd7 b5
28. Ne5 Qb7 29. a4 Rc8 30. Re1 Rc7 31. axb5 axb5 32. Qd6 Rd7 33. Nxd7 Rf7 34.
Ne5 Rf8 35. Bxb5+ Qxb5 36. Nc6 Kf7 37. Rxe7+ 1-0